Kluby Serie A w sezonie 2020/2021 - Statystyki

Ogólne statystyki
  • Ten quiz został rozwiązany 52 razy
  • Średni wynik to 16 z 20
Statystyki odpowiedzi
Hint Odpowiedź % Poprawnych
11 Juventus
100%
13 AC Milan
96%
10 Inter
96%
9 AS Roma
92%
14 Sampdoria
92%
3 Genoa
90%
4 Napoli
90%
15 Lazio
88%
12 Fiorentina
82%
16 Atalanta
78%
18 Torino
78%
5 Udinese
78%
20 Hellas Verona
76%
8 Benevento
74%
6 Sassuolo
70%
2 Bologna
66%
19 Parma
64%
17 Cagliari
60%
1 Spezia
54%
7 Crotone
52%
Nie znaleziono quizów pasujących do podanych kryteriów
Rozkład punktacji
Procent ludzi z każdym wynikiem
Percentyl według liczby udzielonych odpowiedzi
Twoja historia wyników
Nie rozwiązałeś tego quizu